000 00209 a2200097 4500
001 46817
100 _aRochford L
245 _aI chose the sky
260 _aLondon
_bWilliam kimber
_c
090 _c29908
_d29908
942 _aNUST-CAE
_cM
_c22122
999 _c281890
_d281890